Strategic management of IT in construction / (Record no. 531844)

000 -LEADER
fixed length control field 01013cam a22002894a 4500
001 - CONTROL NUMBER
control field 4995717
003 - CONTROL NUMBER IDENTIFIER
control field NUST
005 - DATE AND TIME OF LATEST TRANSACTION
control field 20191029153354.0
008 - FIXED-LENGTH DATA ELEMENTS--GENERAL INFORMATION
fixed length control field 990504s1999 maua b 001 0 eng
010 ## - LIBRARY OF CONGRESS CONTROL NUMBER
LC control number 99031142
020 ## - INTERNATIONAL STANDARD BOOK NUMBER
International Standard Book Number 0632040262
038 ## - RECORD CONTENT LICENSOR
Staff Name MSOHAIL
040 ## - CATALOGING SOURCE
Original cataloging agency DLC
Transcribing agency DLC
Modifying agency DLC
042 ## - AUTHENTICATION CODE
Authentication code pcc
050 00 - LIBRARY OF CONGRESS CALL NUMBER
Classification number TH215
Item number .S77 1999
082 00 - DEWEY DECIMAL CLASSIFICATION NUMBER
Classification number 624.0684
Edition number 21
245 00 - TITLE STATEMENT
Title Strategic management of IT in construction /
Statement of responsibility, etc. edited by Martin Betts.
246 14 - VARYING FORM OF TITLE
Title proper/short title Strategic management of I.T. in construction
260 ## - PUBLICATION, DISTRIBUTION, ETC.
Place of publication, distribution, etc. Malden, MA :
Name of publisher, distributor, etc. Blackwell Science,
Date of publication, distribution, etc. 1999.
300 ## - PHYSICAL DESCRIPTION
Extent xx, 406 p. :
Other physical details ill. ;
Dimensions 25 cm.
504 ## - BIBLIOGRAPHY, ETC. NOTE
Bibliography, etc. note Includes bibliographical references (p. [389]-401) and index.
650 #0 - SUBJECT ADDED ENTRY--TOPICAL TERM
Topical term or geographic name entry element Construction industry
General subdivision Communication systems.
9 (RLIN) 24952
650 #0 - SUBJECT ADDED ENTRY--TOPICAL TERM
Topical term or geographic name entry element Information technology.
9 (RLIN) 327
906 ## - LOCAL DATA ELEMENT F, LDF (RLIN)
a 7
b cbc
c orignew
d 1
e ocip
f 19
g y-gencatlg
942 ## - ADDED ENTRY ELEMENTS (KOHA)
Source of classification or shelving scheme
Koha item type Book
Holdings
Withdrawn status Lost status Source of classification or shelving scheme Damaged status Not for loan Permanent Location Current Location Date acquired Total Checkouts Full call number Barcode Date last seen Price effective from Koha item type
          School of Civil and Environmental Engineering (SCEE) School of Civil and Environmental Engineering (SCEE) 10/29/2019   624.0684 NIT-11761 10/29/2019 10/29/2019 Book
© 2023 Central Library, National University of Sciences and Technology. All Rights Reserved.